<?xml version="1.0" encoding="UTF-8"?><?xml-stylesheet type="text/xsl" href="static/style.xsl"?><OAI-PMH xmlns="http://www.openarchives.org/OAI/2.0/" xmlns:xsi="http://www.w3.org/2001/XMLSchema-instance" xsi:schemaLocation="http://www.openarchives.org/OAI/2.0/ http://www.openarchives.org/OAI/2.0/OAI-PMH.xsd"><responseDate>2026-06-01T04:19:40Z</responseDate><request verb="GetRecord" identifier="oai:riuma.uma.es:10630/9840" metadataPrefix="marc">https://riuma.uma.es/rest/oai/request</request><GetRecord><record><header><identifier>oai:riuma.uma.es:10630/9840</identifier><datestamp>2026-02-03T12:06:48Z</datestamp><setSpec>com_10630_2254</setSpec><setSpec>col_10630_37959</setSpec></header><metadata><record xmlns="http://www.loc.gov/MARC21/slim" xmlns:dcterms="http://purl.org/dc/terms/" xmlns:doc="http://www.lyncode.com/xoai" xmlns:xsi="http://www.w3.org/2001/XMLSchema-instance" xsi:schemaLocation="http://www.loc.gov/MARC21/slim http://www.loc.gov/standards/marcxml/schema/MARC21slim.xsd">
   <leader>00925njm 22002777a 4500</leader>
   <datafield ind2=" " ind1=" " tag="042">
      <subfield code="a">dc</subfield>
   </datafield>
   <datafield ind2=" " ind1=" " tag="720">
      <subfield code="a">Pérez-Martínez, Manuel</subfield>
      <subfield code="e">author</subfield>
   </datafield>
   <datafield ind2=" " ind1=" " tag="720">
      <subfield code="a">Jiménez-Gámez, Carlos</subfield>
      <subfield code="e">author</subfield>
   </datafield>
   <datafield ind2=" " ind1=" " tag="720">
      <subfield code="a">López-Gordillo, Francisco Javier</subfield>
      <subfield code="e">author</subfield>
   </datafield>
   <datafield ind2=" " ind1=" " tag="720">
      <subfield code="a">Gordo Puertas, Elisa</subfield>
      <subfield code="e">author</subfield>
   </datafield>
   <datafield ind2=" " ind1=" " tag="720">
      <subfield code="a">Liger-Pérez, Esperanza</subfield>
      <subfield code="e">author</subfield>
   </datafield>
   <datafield ind2=" " ind1=" " tag="720">
      <subfield code="a">Cañete-Hidalgo, Sergio Andrés</subfield>
      <subfield code="e">author</subfield>
   </datafield>
   <datafield ind2=" " ind1=" " tag="720">
      <subfield code="a">Ruiz-Cruces, Rafael</subfield>
      <subfield code="e">author</subfield>
   </datafield>
   <datafield ind2=" " ind1=" " tag="720">
      <subfield code="a">Dueñas-Buey, Mª Concepción</subfield>
      <subfield code="e">author</subfield>
   </datafield>
   <datafield ind2=" " ind1=" " tag="260">
      <subfield code="c">2015-06-02</subfield>
   </datafield>
   <datafield ind2=" " ind1=" " tag="520">
      <subfield code="a">Ny-Ålesund is situated at 78° 55´ N, 11° 56´ E on the west coast of Spitsbergen, the largest island in the Svalbard archipelago and is a centre for international Arctic scientific research and environmental monitoring. Since 1916 to 1963 was an old coal mining town. &#xd;
Exposure to indoor radon has been identified as the second leading cause of lung cancer after tobacco smoking. In an indoor environment, there are many factors affecting indoor radon concentrations. Those factors could be different in the Arctic regions. [1]&#xd;
It is well known that the Council Directive 2013/59 / Euratom of 5 December 2013, article 74, says that "Member States shall establish national reference levels for indoor radon concentrations. The reference levels for the annual average activity concentration in air shall not be higher than 300 Bq m -3" so it is important to know the radon concentration in different places.&#xd;
Indoor radon activity measurements were carried out in different locations at Ny-Ålesund: Koldewey base (German base), KingsBay dining room, Marine Laboratory, and Gym facilities with five AlphaE devices from Saphymo GmbH. The AlphaE is an ultra small continuous radon monitor for professional use, based on a silicon diffusion chamber.The calculation of dose is possible due to a user-settable equilibrium factor. &#xd;
Indoor radon measurements were carried out from 3 to 27 September 2014. The values show low average level of indoor radon in the different analyzed buildings, with a geometrical mean of 60 Bq/m3 with a maximun value  of  145 Bq/m3 in the Koldewey building. So the radiation exposure levels for workers and scientific personnel represents only a low percentage of the exposure guides for the general population.</subfield>
   </datafield>
   <datafield ind1="8" ind2=" " tag="024">
      <subfield code="a">http://hdl.handle.net/10630/9840</subfield>
   </datafield>
   <datafield tag="653" ind2=" " ind1=" ">
      <subfield code="a">Radón</subfield>
   </datafield>
   <datafield ind2="0" ind1="0" tag="245">
      <subfield code="a">Indoor radon measurements in Ny-Ålesund, the northernmost civilian settlement in the world</subfield>
   </datafield>
</record>
</metadata></record></GetRecord></OAI-PMH>